Adivinhe a música sem dicas #2 - Statistics

Estatísticas Gerais
  • Esse quiz foi jogado 115 vezes
  • A pontuação média é 76 de 262
Estatísticas das Respostas
RESPOSTA % Correto
E
97%
é
97%
e
97%
a
95%
A
95%
o
92%
O
92%
No
71%
se
70%
Na
69%
na
69%
de
63%
da
58%
do
58%
que
56%
meu
48%
não
45%
Não
45%
Um
42%
quer
40%
38%
coração
37%
pra
34%
Tem
34%
dia
32%
gente
31%
Faz
28%
vai
28%
mais
27%
ou
26%
Ou
26%
Mas
25%
Como
22%
Nas
21%
quem
21%
tudo
21%
mundo
20%
mundo,
20%
nosso
20%
tempo
20%
ter
20%
foi
16%
Foi
16%
fazer
15%
pro
14%
saudade
13%
Até
12%
volta
12%
11%
linda
11%
sente
11%
cantar
10%
dias
10%
num
10%
quanto
9%
contra
8%
então
8%
peito
8%
poder
8%
posso
8%
rua,
8%
chega
7%
destino
6%
morreu
6%
parar
6%
partiu
6%
primeira
6%
viva
6%
força
5%
levou
5%
roda
5%
Roda
5%
voltas
5%
acabou
4%
ativa
4%
barco
4%
brisa
4%
carrega
4%
cativa
4%
corrente
4%
cresceu
4%
cultiva
4%
deixou
4%
eis
4%
estancou
4%
gigante
4%
gigante,
4%
ilusão
4%
instante
4%
mandar
4%
pião
4%
repente
4%
rodou
4%
saia,
4%
senhor
4%
toma
4%
voz
4%
cumprir
3%
fogueira
3%
iniciativa
3%
mulata
3%
passageira
3%
queimou
3%
resistir
3%
Rodamoinho,
3%
rodar
3%
roseira
3%
samba
3%
samba,
3%
serenata
3%
Viola
3%
viola
3%
viola,
3%
Nenhum quiz correspondente encontrado
Distribuição das Pontuações
Porcentagem de Pessoas com Cada Pontuação
Percentil de Números Respondidos
Sua Pontuação Histórica
Você não jogou esse quiz